000 00586nam a2200205Ia 4500
005 20250923144551.0
008 008 250917s9999 xx 000 0 eng d
037 _aTextual
040 _aDSWL
_beng
_cDSWL
041 _aeng
_2eng
084 _aY173Q7:Z:24, J7
_qDSWL
100 _aDatta, Bhupendranath
_9826166
245 0 _aHindu law of inheritence
_cby Bhupendranath Datta.
260 _aCalcutta
_bCalcutta **
_c1857
300 _avi,1246p.
365 _aINR
_b10
925 _g10
942 _cTEXL
_hY173Q7:Z:24, J7
999 _c1440589
_d1440589